000 01370cam a22003857a 4500
003 CHAP
005 20220817043826.0
008 010926d2000 mx r 00110 spa d
010 _a85450
011 _a86422
020 _a9706542221
035 _a96960
040 _cCHAP
082 0 4 _a338.0183
_bG3
100 0 0 _aGarza Toledo, Enrique de la
_947147
245 1 0 _aModelos de industrialización en México
_c/coord. por Enrique de la Garza Toledo
260 _aMéxico, D.F. :
_bUniversidad Autónoma Metropolitana. Unidad Iztapalapa,
_c1998.
300 _a338 p.
410 0 0 _aUniversidad Autónoma Metropolitana. Unidad Iztapalapa
490 0 _aColección CSH
590 _aBATCH-UPD
_b10
_c20130110
_lUCH01
_h0652
590 _aBATCH-UPD
_b10
_c20130410
_lUCH01
_h0337
590 _aBATCH-UPD
_b10
_c20130914
_lUCH01
_h1003
590 _aCONVERSION
_b10
_c20130109
_lUCH01
_h1347
650 1 4 _aDesarrollo económico.
650 1 4 _aIndustrialización.
_957923
650 1 4 _aPolítica industrial.
_990665
810 0 0 _aUniversidad Autónoma Metropolitana. Unidad Iztapalapa
830 0 0 _aColección CSH
_924763
901 _aBK
905 _aAlejandra Carrasco M.
942 _cLIBRO
949 _a338.0183 G3
_bBC
_cLIBRO
_d33724000862025
_eLIBRO
_h102211
_i96960
_si
949 _a338.0183 G3
_bBC
_cLIBRO
_d33724000873691
_eLIBRO
_fc.2
_gDonaciØn
_h103210
_i96960
_so
999 _c85450
_d85450